Návrh opatrení na zefektívnenie fungovania vybraných činností skladu náhradných dielov v spoločnosti Johns Manville Slovakia, a.s.
Salvato in:
| Autore principale: | |
|---|---|
| Altri autori: | |
| Natura: | Manoscritto Libro |
| Lingua: | slovacco |
| Pubblicazione: |
2025
|
| Soggetti: | |
| Accesso online: | http://is.stuba.sk/zp/portal_zp.pl?podrobnosti=176869 |
| Tags: |
Nessun Tag, puoi essere il primo ad aggiungerne!!
|
MARC
| LEADER | 00000ntm a22000003a 4500 | ||
|---|---|---|---|
| 001 | stuzp104210 | ||
| 003 | SK-STU | ||
| 005 | 20250628211324.9 | ||
| 007 | ta | ||
| 008 | 150427s2015----xo-----f-mn---000-0-slo-d | ||
| 040 | |a STU |b slo | ||
| 041 | 0 | |a slo | |
| 100 | 1 | |a Mondeková, Martina |u 064000 |4 aut |U MTF Materiálovotechnologická fakulta |T MTF Ústav priemyselného inžinierstva a manažmentu |X 121929 |U M4000 |Y 84 |7 121929 | |
| 242 | 0 | 1 | |a The Measures Proposal to Streamline the Selected Activities Functioning of the Spare Parts Warehouse in Johns Manville Slovakia, a.s. |y eng |
| 245 | 1 | 0 | |a Návrh opatrení na zefektívnenie fungovania vybraných činností skladu náhradných dielov v spoločnosti Johns Manville Slovakia, a.s. |
| 260 | |c 2025 | ||
| 650 | 4 | |a náhradný diel |2 slo | |
| 650 | 4 | |a poistná zásoba |2 slo | |
| 650 | 4 | |a údržba |2 slo | |
| 650 | 4 | |a safety stock |2 eng | |
| 650 | 4 | |a maintenance |2 eng | |
| 650 | 4 | |a spare part |2 eng | |
| 700 | 1 | |a Makyšová, Helena |u 064000 |k Z1 |4 ths |U MTF Materiálovotechnologická fakulta |T MTF Ústav priemyselného inžinierstva a manažmentu |X 2772 |U M4000 |Y 84 |7 A000002772 | |
| 856 | 4 | |u http://is.stuba.sk/zp/portal_zp.pl?podrobnosti=176869 | |
| 996 | |c M* BP-9993 |l MMSKP |s P |a 0 |w stuzp104210_0001 | ||